The creation of arbitration agreements (Record no. 69329)

MARC details
000 -LEADER
fixed length control field 01167cam a2200217 4500
001 - CONTROL NUMBER
control field ABS65016
008 - FIXED-LENGTH DATA ELEMENTS--GENERAL INFORMATION
fixed length control field 020123n2001 000 0 eng u
035 ## - SYSTEM CONTROL NUMBER
System control number (Sirsi) u116401
245 #4 - TITLE STATEMENT
Title The creation of arbitration agreements
260 ## - PUBLICATION, DISTRIBUTION, ETC.
Date of publication, distribution, etc. 2001
490 ## - SERIES STATEMENT
Series statement Arbitration Law Monthly
Volume/sequential designation 1(8) October 2001, 1-3(3)
520 ## - SUMMARY, ETC.
Summary, etc. Argues that the distinction between arbitration and other forms of dispute resolution is not always apparent, as demonstrated in "AIG Europe SA v QBE International Insurance Ltd". It was found that the reinsurance agreement between AIG and QBE did not contain arbitration clauses, but only provided for a procedure of conciliation. Concludes that there will be no incorporation of an arbitration clause unless there is an express reference to arbitration in the words of incorporation.
590 ## - LOCAL NOTE (RLIN)
Local note ABS
650 ## - SUBJECT ADDED ENTRY--TOPICAL TERM
Topical term or geographic name entry element MANAGEMENT-DISPUTE AVOIDANCE, MANAGEMENT AND RESOLUTION-DISPUTE MANAGEMENT AND RESOLUTION-ARBITRATION
650 ## - SUBJECT ADDED ENTRY--TOPICAL TERM
Topical term or geographic name entry element DISPUTE RESOLUTION
9 (RLIN) 6236
650 ## - SUBJECT ADDED ENTRY--TOPICAL TERM
Topical term or geographic name entry element AIG EUROPE SA V QBE INTERNATIONAL INSURANCE LTD
650 ## - SUBJECT ADDED ENTRY--TOPICAL TERM
Topical term or geographic name entry element REINSURANCE
650 ## - SUBJECT ADDED ENTRY--TOPICAL TERM
Topical term or geographic name entry element CONCILIATION
690 ## - LOCAL SUBJECT ADDED ENTRY--TOPICAL TERM (OCLC, RLIN)
Topical term or geographic name as entry element Dispute resolution
9 (RLIN) 6236
942 ## - ADDED ENTRY ELEMENTS (KOHA)
Suppress in OPAC 0
Holdings
Withdrawn status Lost status Source of classification or shelving scheme Damaged status Not for loan Home library Current library Shelving location Date acquired Total Checkouts Full call number Barcode Date last seen Copy number Price effective from Koha item type
    Dewey Decimal Classification     London London Journal article 23/01/2002   ABS65016 116401-1001 06/08/2019 1 06/08/2019 Journal article